[Event "DVM U14 2016"]
[Site "Düsseldorf GER"]
[Date "2016.12.30"]
[Round "7"]
[White "Wong, Kar Yan"]
[Black "Sewald, Richard"]
[Result "1-0"]
[Termination "normal"]
[Board "2.4"]
[WhiteElo "1537"]
[BlackElo "1710"]
[WhiteClock "01:12:22"]
[BlackClock "00:08:50"]
[WhiteTeam "SV Dresden-Leuben"]
[BlackTeam "SG Porz"]
[PlyCount "73"]
[WhiteFideId "12971855"]
[BlackFideId "12983586"]
[EventCountry "GER"]
[EventRounds "7"]
[EventType "team-swiss"]
[EventDate "2016.12.26"]

1. e4 {[%clk 1:30:57]} c5 {[%clk 1:30:53]} 2. Nf3 {[%clk 1:31:23]} a6 {[%clk
1:31:17]} 3. d4 {[%clk 1:31:47]} cxd4 {[%clk 1:31:43]} 4. Nxd4 {[%clk 1:32:13]}
Nf6 {[%clk 1:32:04]} 5. Nc3 {[%clk 1:32:25]} e5 {[%clk 1:32:23]} 6. Nb3 {[%clk
1:32:47]} Bb4 {[%clk 1:32:21]} 7. Bd3 {[%clk 1:32:56]} d5 {[%clk 1:31:46]} 8.
exd5 {[%clk 1:32:34]} Nxd5 {[%clk 1:32:08]} 9. Bd2 {[%clk 1:33:01]} Bxc3 {[%clk
1:31:41]} 10. bxc3 {[%clk 1:32:19]} Qc7 {[%clk 1:29:13]} 11. c4 {[%clk
1:32:05]} Ne7 {[%clk 1:27:59]} 12. O-O {[%clk 1:31:25]} Be6 {[%clk 1:25:04]}
13. Qe2 {[%clk 1:30:58]} O-O {[%clk 1:13:36]} 14. f4 {[%clk 1:30:14]} exf4
{[%clk 0:50:59]} 15. Bxf4 {[%clk 1:30:30]} Qc8 {[%clk 0:48:44]} 16. Bd6 {[%clk
1:28:42]} Qd7 {[%clk 0:44:13]} 17. Rad1 {[%clk 1:28:01]} g6 {[%clk 0:37:33]}
18. Be4 {[%clk 1:25:37]} Bg4 {[%clk 0:27:57]} 19. Bf3 {[%clk 1:25:30]} Bxf3
{[%clk 0:26:53]} 20. Rxf3 {[%clk 1:25:09]} Nbc6 {[%clk 0:25:55]} 21. Re3 {[%clk
1:18:18]} Rfd8 {[%clk 0:22:56]} 22. Nc5 {[%clk 1:18:03]} Qf5 {[%clk 0:20:14]}
23. Rf1 {[%clk 1:17:44]} Qg5 {[%clk 0:17:34]} 24. Ne4 {[%clk 1:14:00]} Qa5
{[%clk 0:13:41]} 25. Nf6+ {[%clk 1:13:49]} Kg7 {[%clk 0:13:43]} 26. Bxe7 {[%clk
1:13:55]} Nxe7 {[%clk 0:13:07]} 27. Rxe7 {[%clk 1:14:14]} Rd2 {[%clk 0:12:42]}
28. Qe6 {[%clk 1:12:12]} Qc5+ {[%clk 0:10:15]} 29. Kh1 {[%clk 1:11:37]} Rf2
{[%clk 0:09:04]} 30. Qxf7+ {[%clk 1:11:31]} Kh6 {[%clk 0:09:20]} 31. Ng4+
{[%clk 1:11:46]} Kg5 {[%clk 0:09:11]} 32. Nxf2 {[%clk 1:12:11]} Qd4 {[%clk
0:08:06]} 33. Nh3+ {[%clk 1:12:11]} Kh5 {[%clk 0:07:55]} 34. Rf5+ {[%clk
1:11:34]} Kg4 {[%clk 0:08:06]} 35. Rf4+ {[%clk 1:11:56]} Qxf4 {[%clk 0:08:26]}
36. Qxf4+ {[%clk 1:12:22]} Kh5 {[%clk 0:08:50]} 37. Rxh7# 1-0

[Event "DVM U14 2016"]
[Site "Düsseldorf GER"]
[Date "2016.12.30"]
[Round "7"]
[White "Pralle, Finnegan"]
[Black "Koll, Lukas"]
[Result "0-1"]
[Termination "normal"]
[Board "3.2"]
[WhiteElo "1870"]
[BlackElo "1821"]
[WhiteTeam "Biebertaler SF"]
[BlackTeam "Karlsruher SF"]
[PlyCount "106"]
[WhiteFideId "12986615"]
[BlackFideId "12969737"]
[EventCountry "GER"]
[EventRounds "7"]
[EventType "team-swiss"]
[EventDate "2016.12.26"]

1. e4 c6 2. d4 d5 3. Nc3 dxe4 4. Nxe4 Bf5 5. Ng3 Bg6 6. h4 h6 7. h5 Bh7 8. Nf3
e6 9. Bd3 Bxd3 10. Qxd3 Nf6 11. Bd2 Bd6 12. Ne4 Nxe4 13. Qxe4 Nd7 14. O-O-O Nf6
15. Qe2 Qc7 16. Kb1 O-O-O 17. Rh3 Nd5 18. c4 Nf4 19. Bxf4 Bxf4 20. Ne1 Rhe8 21.
Nc2 Kb8 22. Rb3 e5 23. Nb4 Ka8 24. d5 c5 25. Nc2 e4 26. g3 Bg5 27. Na3 a6 28.
Ka1 f5 29. Nb1 Bf6 30. Re1 Bd4 31. Nc3 e3 32. f4 Qd6 33. Qd3 Re7 34. Ne2 Qf6
35. Qd1 Rde8 36. Nxd4 Qxd4 37. Qxd4 cxd4 38. Rd3 Re4 39. Kb1 Ka7 40. Kc2 Rc8
41. b3 b5 42. Red1 bxc4 43. bxc4 Rxc4+ 44. Kb3 Rc5 45. Kb4 Rxd5 46. Kc4 Ra5 47.
a3 Kb6 48. Kb4 Rb5+ 49. Kc4 Rc5+ 50. Kb3 Kb5 51. Kb2 Kc4 52. Kc2 Rb5 53. Re1
Rb2+ 0-1

[Event "DVM U14 2016"]
[Site "Düsseldorf GER"]
[Date "2016.12.30"]
[Round "7"]
[White "Fidlin, Simon"]
[Black "Engert, Kiyan"]
[Result "1-0"]
[Termination "normal"]
[Board "3.3"]
[WhiteElo "1717"]
[BlackElo "1472"]
[WhiteTeam "Karlsruher SF"]
[BlackTeam "Biebertaler SF"]
[PlyCount "107"]
[WhiteFideId "16217535"]
[BlackFideId "16214870"]
[EventCountry "GER"]
[EventRounds "7"]
[EventType "team-swiss"]
[EventDate "2016.12.26"]

1. e4 e5 2. Nf3 Nc6 3. Bb5 a6 4. Ba4 Nf6 5. d3 Be7 6. O-O O-O 7. Nc3 d6 8. Re1
Bg4 9. Be3 b5 10. Bb3 Qd7 11. Ne2 Rad8 12. Ng3 Kh8 13. h3 Be6 14. Qe2 Ne8 15.
Rad1 Bxb3 16. axb3 g6 17. c3 Bf6 18. Bh6 Bg7 19. Bxg7+ Nxg7 20. d4 Qe7 21. c4
bxc4 22. d5 Na5 23. bxc4 Nb3 24. Rd3 Nc5 25. Ra3 Rb8 26. Qc2 Rb6 27. Nd2 Rfb8
28. Rb1 Qg5 29. Qc3 Rb4 30. b3 f5 31. Nf3 Qf6 32. Nd2 f4 33. Ne2 h5 34. g3 fxg3
35. fxg3 g5 36. Rf1 Qg6 37. Qe3 Kg8 38. Nc1 Ne8 39. Na2 R4b6 40. b4 Rxb4 41.
Nxb4 Rxb4 42. Qf3 Rb2 43. Qf8+ Kh7 44. Rf7+ Ng7 45. Raf3 Rxd2 46. Rxg7+ Qxg7
47. Rf7 Rd1+ 48. Kg2 Rd2+ 49. Kf1 Qxf7+ 50. Qxf7+ Kh6 51. Qf6+ Kh7 52. Qxg5
Rd1+ 53. Ke2 Rd2+ 54. Qxd2 1-0

[Event "DVM U14 2016"]
[Site "Düsseldorf GER"]
[Date "2016.12.30"]
[Round "7"]
[White "Limpert, Tillmann"]
[Black "Ning, Felix"]
[Result "0-1"]
[Termination "normal"]
[Board "3.4"]
[WhiteElo "1486"]
[BlackElo "1637"]
[WhiteTeam "Biebertaler SF"]
[BlackTeam "Karlsruher SF"]
[PlyCount "82"]
[WhiteFideId "16213254"]
[BlackFideId "12988553"]
[EventCountry "GER"]
[EventRounds "7"]
[EventType "team-swiss"]
[EventDate "2016.12.26"]

1. e4 c5 2. Nc3 Nc6 3. g3 d6 4. Bg2 Nf6 5. f4 Bd7 6. d3 g6 7. Nf3 Bg7 8. O-O
O-O 9. h3 e6 10. g4 Ne8 11. Qe1 Nb4 12. Qf2 Nc7 13. a3 Nc6 14. f5 exf5 15. Ng5
Ne6 16. Qh4 Nxg5 17. Bxg5 f6 18. Be3 g5 19. Qf2 fxg4 20. hxg4 Bxg4 21. Qg3 Bh5
22. Nd5 Bf7 23. Bh3 Ne5 24. d4 cxd4 25. Bxd4 Bh5 26. Bxe5 fxe5 27. Rxf8+ Bxf8
28. Kh2 Bf7 29. Rg1 h6 30. Qg4 Bxd5 31. exd5 Kg7 32. Rf1 Be7 33. Qe6 Bf6 34.
Bg4 Qe7 35. Qf5 Qf7 36. Kg3 Rf8 37. Qe4 h5 38. Be6 Qg6 39. Bf5 Qh6 40. Qb4 g4
41. Qxd6 Bh4+ 0-1

[Event "DVM U14 2016"]
[Site "Düsseldorf GER"]
[Date "2016.12.30"]
[Round "7"]
[White "Pfreundt, Mathis"]
[Black "Huber, Benedikt"]
[Result "1/2-1/2"]
[Termination "normal"]
[Board "4.1"]
[WhiteElo "1898"]
[BlackElo "1869"]
[WhiteTeam "Königsspringer SC"]
[BlackTeam "SK München Südost"]
[PlyCount "73"]
[WhiteFideId "12967092"]
[BlackFideId "12923583"]
[EventCountry "GER"]
[EventRounds "7"]
[EventType "team-swiss"]
[EventDate "2016.12.26"]

1. e4 e6 2. d4 d5 3. Nc3 Nf6 4. e5 Nfd7 5. Nce2 c5 6. c3 Nc6 7. f4 Be7 8. Nf3
O-O 9. a3 f6 10. b4 cxd4 11. cxd4 fxe5 12. dxe5 Qb6 13. Ned4 Nxd4 14. Qxd4 a5
15. Qxb6 Nxb6 16. Be3 axb4 17. Bxb6 bxa3 18. g3 Bd7 19. Bd3 Bb4+ 20. Ke2 Rfc8
21. Bd4 Bc5 22. Rhb1 b6 23. Bb5 Bxb5+ 24. Rxb5 Ra4 25. Kd3 a2 26. Rb3 Rca8 27.
Bb2 Kf7 28. Nd4 Rc4 29. Nb5 Rca4 30. Bd4 R8a5 31. Bc3 Ra8 32. Bb2 R8a6 33. Nc3
Rd4+ 34. Kc2 Rc4 35. Kd3 Rd4+ 36. Kc2 Rc4 37. Rc1 1/2-1/2

[Event "DVM U14 2016"]
[Site "Düsseldorf GER"]
[Date "2016.12.30"]
[Round "7"]
[White "Lohvinov, Petro"]
[Black "Kipke, Kevin"]
[Result "1-0"]
[Termination "normal"]
[Board "4.2"]
[WhiteElo "1714"]
[BlackElo "1623"]
[WhiteTeam "SK München Südost"]
[BlackTeam "Königsspringer SC"]
[PlyCount "101"]
[WhiteFideId "14176661"]
[BlackFideId "12988332"]
[EventCountry "GER"]
[EventRounds "7"]
[EventType "team-swiss"]
[EventDate "2016.12.26"]

1. e4 c5 2. c3 d5 3. exd5 Qxd5 4. d4 cxd4 5. cxd4 Nc6 6. Nf3 e5 7. Nc3 Bb4 8.
Bd2 Bxc3 9. Bxc3 e4 10. Ne5 Nxe5 11. dxe5 Ne7 12. Qxd5 Nxd5 13. Bb5+ Ke7 14.
Bd4 Rd8 15. Rd1 Bg4 16. Rd2 Rac8 17. O-O a6 18. Ba4 Nf4 19. Be3 Ng6 20. h3 Be6
21. Rxd8 Kxd8 22. Bg5+ Kc7 23. Re1 h6 24. Bd2 Bd5 25. Bc3 b5 26. Bb3 Bxb3 27.
axb3 Re8 28. Rxe4 Kc6 29. e6 Rxe6 30. Rxe6+ fxe6 31. Bxg7 h5 32. g3 Kc5 33. Bc3
e5 34. Kf1 e4 35. Ke2 b4 36. Bf6 Kd5 37. Ke3 Nf8 38. Be7 Ne6 39. Bxb4 Nd4 40.
Bc3 Nxb3 41. g4 hxg4 42. hxg4 Nc5 43. g5 Nb7 44. g6 Nd6 45. Kf4 Ke6 46. g7 Kf7
47. Ke5 e3 48. fxe3 Nb5 49. Kd5 Nxc3+ 50. bxc3 Kxg7 51. Kc5 1-0

[Event "DVM U14 2016"]
[Site "Düsseldorf GER"]
[Date "2016.12.30"]
[Round "7"]
[White "Samson, Valentin"]
[Black "Grunert, Friedrich"]
[Result "1/2-1/2"]
[Termination "normal"]
[Board "4.3"]
[WhiteElo "1577"]
[BlackElo "1795"]
[WhiteTeam "Königsspringer SC"]
[BlackTeam "SK München Südost"]
[PlyCount "78"]
[WhiteFideId "36020656"]
[BlackFideId "12995592"]
[EventCountry "GER"]
[EventRounds "7"]
[EventType "team-swiss"]
[EventDate "2016.12.26"]

1. e4 c5 2. b3 d6 3. Bb2 Nc6 4. Nc3 Nf6 5. f4 Bg4 6. Qc1 Bd7 7. d3 e5 8. Be2
Be7 9. Nf3 Nd4 10. fxe5 Nxf3+ 11. Bxf3 dxe5 12. O-O O-O 13. Nd5 Nxd5 14. exd5
Bg5 15. Qe1 f6 16. Bc1 Bxc1 17. Rxc1 Rc8 18. Qe2 b5 19. c4 a5 20. a3 bxc4 21.
dxc4 Rb8 22. Rb1 Rb6 23. Rb2 Bf5 24. Be4 Bxe4 25. Qxe4 Qb8 26. Qe3 Qc7 27. Qc3
Qa7 28. Rfb1 Rfb8 29. Kf1 Qa6 30. b4 axb4 31. axb4 Rxb4 32. Rxb4 Rxb4 33. Rxb4
cxb4 34. Qxb4 Qa1+ 35. Qe1 Qd4 36. Qe2 Qf4+ 37. Kg1 Qc1+ 38. Qf1 Qe3+ 39. Qf2
Qc1+ 1/2-1/2

[Event "DVM U14 2016"]
[Site "Düsseldorf GER"]
[Date "2016.12.30"]
[Round "7"]
[White "Grunert, Wilhelm"]
[Black "Cinar, Alihan"]
[Result "0-1"]
[Termination "normal"]
[Board "4.4"]
[WhiteElo "1575"]
[BlackElo "1412"]
[WhiteTeam "SK München Südost"]
[BlackTeam "Königsspringer SC"]
[PlyCount "68"]
[WhiteFideId "12995673"]
[BlackFideId "16217608"]
[EventCountry "GER"]
[EventRounds "7"]
[EventType "team-swiss"]
[EventDate "2016.12.26"]

1. e4 c6 2. d4 d5 3. exd5 cxd5 4. c4 Nf6 5. Nc3 e6 6. c5 Be7 7. Nf3 O-O 8. Bd3
b6 9. b4 a5 10. Ba3 Nbd7 11. Ne5 Nxe5 12. dxe5 Nd7 13. c6 Nxe5 14. Bc2 axb4 15.
Bb2 bxc3 16. Bxc3 Nxc6 17. h4 Bf6 18. Bxf6 Qxf6 19. Qd3 Qe5+ 20. Kd2 Qf4+ 21.
Kd1 Qd4 22. Kd2 Qxd3+ 23. Bxd3 Nb4 24. a3 Nxd3 25. Kxd3 Ba6+ 26. Kd2 g6 27.
Rhb1 Rfb8 28. Rb4 Bc4 29. Rab1 Rxa3 30. Rxb6 Rxb6 31. Rxb6 Ra2+ 32. Ke3 Kg7 33.
g4 e5 34. f3 Re2# 0-1

[Event "DVM U14 2016"]
[Site "Düsseldorf GER"]
[Date "2016.12.30"]
[Round "7"]
[White "Faßhauer, Jacob"]
[Black "Garbuz, Vitaliy"]
[Result "1/2-1/2"]
[Termination "normal"]
[Board "5.1"]
[WhiteElo "1890"]
[BlackElo "1865"]
[WhiteTeam "SG Leipzig"]
[BlackTeam "SF Brackel"]
[PlyCount "126"]
[WhiteFideId "12990167"]
[BlackFideId "12990710"]
[EventCountry "GER"]
[EventRounds "7"]
[EventType "team-swiss"]
[EventDate "2016.12.26"]

1. e4 e5 2. Nf3 Nc6 3. Bc4 Nf6 4. d3 Be7 5. O-O O-O 6. Re1 d6 7. c3 Na5 8. Bb5
a6 9. Ba4 b5 10. Bc2 c5 11. Nbd2 Re8 12. Nf1 Nc6 13. Ng3 Be6 14. h3 h6 15. d4
cxd4 16. cxd4 exd4 17. Nxd4 Nxd4 18. Qxd4 Rc8 19. Bb3 d5 20. Be3 Bc5 21. Qd3
Bxe3 22. Qxe3 Nxe4 23. Nxe4 dxe4 24. Rad1 Qh4 25. Rd4 Bxb3 26. Qxb3 Qf6 27.
Red1 Rcd8 28. Rxd8 Rxd8 29. Rxd8+ Qxd8 30. Qc3 Qf6 31. Qc2 {(=)} Qe6 32. Qc5
Qxa2 33. Qc8+ Kh7 34. h4 Qe6 35. Qc5 Qc4 36. Qf5+ g6 37. Qf4 h5 38. Kh2 Qe6 39.
b4 Qc4 40. g4 e3 41. Qxe3 Qxb4 42. Qf3 Qd6+ 43. Kh1 Qe7 44. gxh5 Qxh4+ 45. Kg1
Qc4 46. hxg6+ Kxg6 47. Qg3+ Kf5 48. f3 Qc1+ 49. Kf2 Qd2+ 50. Kf1 b4 51. Qg4+ {
(=)} Ke5 52. Qg7+ Ke6 53. Qg4+ Kd6 54. Qc8 Qd3+ 55. Kf2 Qb5 56. Qf8+ Ke6 57.
Qc8+ Kd5 58. Qf5+ Kc4 59. Qc2+ Kd4 60. Qb2+ Kd5 61. Qd2+ Ke6 62. Qe3+ Kd7 63.
Qa7+ Ke6 1/2-1/2

[Event "DVM U14 2016"]
[Site "Düsseldorf GER"]
[Date "2016.12.30"]
[Round "7"]
[White "Kartsev, Nikolaj"]
[Black "Enxing, Philemon"]
[Result "1/2-1/2"]
[Termination "normal"]
[Board "5.2"]
[WhiteElo "1739"]
[BlackElo "1460"]
[WhiteTeam "SF Brackel"]
[BlackTeam "SG Leipzig"]
[PlyCount "42"]
[WhiteFideId "12939536"]
[BlackFideId "16217632"]
[EventCountry "GER"]
[EventRounds "7"]
[EventType "team-swiss"]
[EventDate "2016.12.26"]

1. c4 Nf6 2. Nc3 g6 3. g3 Bg7 4. Bg2 O-O 5. e3 d6 6. Nge2 Nc6 7. Rb1 Rb8 8. b4
Ne5 9. d3 Bg4 10. f4 Ned7 11. h3 Be6 12. O-O c5 13. b5 Nb6 14. a4 d5 15. a5 Nc8
16. cxd5 Nxd5 17. Nxd5 Bxd5 18. Bxd5 Qxd5 19. e4 Qd7 20. f5 Rd8 21. Nf4 c4
1/2-1/2

[Event "DVM U14 2016"]
[Site "Düsseldorf GER"]
[Date "2016.12.30"]
[Round "7"]
[White "Mücka, Cedric"]
[Black "Kracht, Raphael"]
[Result "0-1"]
[Termination "normal"]
[Board "5.3"]
[WhiteElo "1526"]
[BlackElo "1639"]
[WhiteTeam "SG Leipzig"]
[BlackTeam "SF Brackel"]
[PlyCount "62"]
[WhiteFideId "16217640"]
[BlackFideId "16214382"]
[EventCountry "GER"]
[EventRounds "7"]
[EventType "team-swiss"]
[EventDate "2016.12.26"]

1. Nf3 Nf6 2. g3 g6 3. Bg2 Bg7 4. O-O O-O 5. d3 d6 6. Nbd2 c5 7. e4 Nc6 8. c3
e5 9. Qc2 Be6 10. a4 a6 11. Ng5 Bd7 12. Nc4 h6 13. Nxf7 Rxf7 14. Nxd6 Re7 15.
Nxb7 Qb6 16. Nd6 Na5 17. Nc4 Nxc4 18. dxc4 Be6 19. b3 Rb8 20. Ra3 Rd7 21. f4
exf4 22. Bxf4 Rbd8 23. e5 Bf5 24. Qc1 Ng4 25. Re1 g5 26. h3 gxf4 27. hxg4 Bxg4
28. Qxf4 Be6 29. Bf3 Rd3 30. Rc1 Rf8 31. Qe4 Rdxf3 0-1

[Event "DVM U14 2016"]
[Site "Düsseldorf GER"]
[Date "2016.12.30"]
[Round "7"]
[White "Seref, Erdogan"]
[Black "Wang, Ruiming"]
[Result "1-0"]
[Termination "normal"]
[Board "5.4"]
[WhiteElo "1724"]
[BlackElo "1568"]
[WhiteTeam "SF Brackel"]
[BlackTeam "SG Leipzig"]
[PlyCount "85"]
[WhiteFideId "16206827"]
[BlackFideId "16217659"]
[EventCountry "GER"]
[EventRounds "7"]
[EventType "team-swiss"]
[EventDate "2016.12.26"]

1. e4 c5 2. Nf3 d6 3. Bb5+ Bd7 4. Bxd7+ Qxd7 5. c4 Nf6 6. Nc3 e6 7. d4 cxd4 8.
Nxd4 Be7 9. O-O O-O 10. Qe2 Nc6 11. Be3 a6 12. Rfd1 Qc7 13. f3 Rfd8 14. Nxc6
Qxc6 15. Rac1 Rab8 16. b3 Qe8 17. a4 Nd7 18. Rb1 Nc5 19. Qf2 Qc6 20. Bd4 Nd7
21. Qg3 Bf6 22. Bxf6 Nxf6 23. Rd3 Rd7 24. Qf2 Rbd8 25. Rbd1 h6 26. Na2 Qc5 27.
Nc3 Qb4 28. Qb2 d5 29. e5 Nh7 30. cxd5 exd5 31. Rd4 Qe7 32. Qe2 Qe6 33. f4 f6
34. Nxd5 Kh8 35. Qe4 fxe5 36. fxe5 Ng5 37. Qd3 Qxe5 38. Qc4 Kh7 39. Nf6+ Qxf6
40. Rxd7 Rf8 41. Rf1 Qb6+ 42. Qd4 Rxf1+ 43. Kxf1 1-0

[Event "DVM U14 2016"]
[Site "Düsseldorf GER"]
[Date "2016.12.30"]
[Round "7"]
[White "Staufenberger, Philipp"]
[Black "Stirnberg, Noah"]
[Result "1/2-1/2"]
[Termination "normal"]
[Board "6.1"]
[WhiteElo "1793"]
[BlackElo "1772"]
[WhiteTeam "SG Königskinder Hohentübingen"]
[BlackTeam "SK Blauer Springer Paderborn"]
[PlyCount "86"]
[WhiteFideId "12970883"]
[BlackFideId "16207742"]
[EventCountry "GER"]
[EventRounds "7"]
[EventType "team-swiss"]
[EventDate "2016.12.26"]

1. d4 Nf6 2. c4 g6 3. Nc3 Bg7 4. e4 d6 5. Nf3 O-O 6. Be2 e5 7. O-O Nc6 8. d5
Ne7 9. b4 a5 10. Ba3 axb4 11. Bxb4 Nd7 12. Re1 Nc5 13. Nd2 Na6 14. Ba3 f5 15.
f3 Bh6 16. Bf1 b6 17. Bb2 Bd7 18. Nb3 Nc5 19. Bc1 Bg7 20. Bg5 Na4 21. Nb5 Bf6
22. Be3 f4 23. Bf2 g5 24. h3 h5 25. Qc2 Ng6 26. Be2 Qc8 27. Nd2 Rf7 28. Nf1 Rg7
29. Nh2 Nh4 30. Bxh4 gxh4 31. Kh1 Kh7 32. Rg1 Rg3 33. Bf1 Qb7 34. Rb1 Nc5 35.
Rb2 Rag8 36. Qf2 Bxh3 37. gxh3 Rxg1+ 38. Qxg1 Rxg1+ 39. Kxg1 Qc8 40. Kh1 Bd8
41. Na7 Qa6 42. Nc6 Bf6 43. Nb4 Qa3 1/2-1/2

[Event "DVM U14 2016"]
[Site "Düsseldorf GER"]
[Date "2016.12.30"]
[Round "7"]
[White "Schlangenotto, Niklas"]
[Black "Hofele, Mathis"]
[Result "0-1"]
[Termination "normal"]
[Board "6.2"]
[WhiteElo "1729"]
[BlackElo "1687"]
[WhiteTeam "SK Blauer Springer Paderborn"]
[BlackTeam "SG Königskinder Hohentübingen"]
[PlyCount "80"]
[WhiteFideId "16217560"]
[BlackFideId "12963844"]
[EventCountry "GER"]
[EventRounds "7"]
[EventType "team-swiss"]
[EventDate "2016.12.26"]

1. d4 Nf6 2. Bf4 g6 3. Nc3 Bg7 4. e4 d6 5. Qd2 O-O 6. Bh6 Re8 7. Bxg7 Kxg7 8.
f3 a6 9. g4 e5 10. d5 h5 11. g5 Nfd7 12. Bd3 Nc5 13. Nge2 Nbd7 14. Rg1 Nf8 15.
O-O-O b5 16. a3 Bd7 17. Rdf1 Rb8 18. f4 Nh7 19. h4 a5 20. f5 b4 21. axb4 axb4
22. Nb1 c6 23. Ng3 cxd5 24. exd5 Nxd3+ 25. Qxd3 Bb5 26. Qe4 Bxf1 27. Rxf1 Rf8
28. Nxh5+ gxh5 29. Qf3 Rh8 30. Qxh5 Nxg5 31. Qg4 f6 32. hxg5 Qg8 33. Nd2 Ra8 {
(=)} 34. Kb1 Kf7 35. Ne4 Ra6 36. g6+ {(=)} Kg7 37. Ng5 Qa8 38. Ne6+ Kg8 39. c4
Rh2 40. g7 Ra1# 0-1

[Event "DVM U14 2016"]
[Site "Düsseldorf GER"]
[Date "2016.12.30"]
[Round "7"]
[White "Hurm, Moritz"]
[Black "Brockhoff, Moritz"]
[Result "1-0"]
[Termination "normal"]
[Board "6.3"]
[WhiteElo "1492"]
[BlackElo "1818"]
[WhiteTeam "SG Königskinder Hohentübingen"]
[BlackTeam "SK Blauer Springer Paderborn"]
[PlyCount "113"]
[WhiteFideId "16235150"]
[BlackFideId "16214927"]
[EventCountry "GER"]
[EventRounds "7"]
[EventType "team-swiss"]
[EventDate "2016.12.26"]

1. e4 e6 2. d4 d5 3. exd5 exd5 4. c4 Nf6 5. Nc3 Be6 6. cxd5 Nxd5 7. Nf3 Be7 8.
Bd3 h6 9. O-O Nd7 10. Re1 N7f6 11. Bd2 c6 12. Rc1 Qc7 13. a3 O-O-O 14. Nb5 Qb6
15. Qa4 Kb8 16. Nc3 Nh5 17. Nxd5 cxd5 18. Ba5 Qd6 19. Bc7+ Qxc7 20. Rxc7 Kxc7
21. Qxa7 Bg5 22. Nxg5 hxg5 23. Rc1+ Kd7 24. Qxb7+ Ke8 25. b4 Nf4 26. Bb5+ Kf8
27. Qc7 Ra8 28. g3 Nh3+ 29. Kf1 g6 30. Qe5 Rh5 31. Bd3 Re8 32. Qd6+ Kg7 33. b5
Nf4 34. gxf4 Bh3+ 35. Kg1 Rh4 36. Bf1 Bf5 37. fxg5 Rg4+ 38. Qg3 Rxg3+ 39. fxg3
Ra8 40. Ra1 Ra4 41. Bg2 Rxd4 42. a4 Bd7 43. b6 Rb4 44. a5 Bc6 45. Kf1 Kf8 46.
Rc1 Bb7 47. Rc7 Rb1+ 48. Kf2 Rb2+ 49. Ke3 d4+ 50. Kxd4 Bxg2 51. Kc5 Rc2+ 52.
Kb5 Bf1+ 53. Kb4 Rxc7 54. bxc7 Ba6 55. Kc5 Ke7 56. Kb6 Bc8 57. a6 1-0

[Event "DVM U14 2016"]
[Site "Düsseldorf GER"]
[Date "2016.12.30"]
[Round "7"]
[White "Janke, Julian"]
[Black "Hurm, Yannik"]
[Result "0-1"]
[Termination "normal"]
[Board "6.4"]
[WhiteElo "1343"]
[BlackElo "1450"]
[WhiteTeam "SK Blauer Springer Paderborn"]
[BlackTeam "SG Königskinder Hohentübingen"]
[PlyCount "84"]
[WhiteFideId "16229185"]
[BlackFideId "16235169"]
[EventCountry "GER"]
[EventRounds "7"]
[EventType "team-swiss"]
[EventDate "2016.12.26"]

1. d4 Nf6 2. Bf4 e6 3. e3 b6 4. Nd2 Bb7 5. Ngf3 Be7 6. Bd3 c5 7. O-O O-O 8. c3
Nc6 9. Ne4 Nxe4 10. Bxe4 f5 11. Bd3 g5 12. Bg3 f4 13. Nxg5 Bxg5 14. Qh5 Qe7 15.
Bxh7+ Qxh7 16. Qxg5+ Qg7 17. Bxf4 Qxg5 18. Bxg5 Rf5 19. h4 Kh7 20. g4 Rf3 21.
Kh2 Nd8 22. Bf4 Nf7 23. dxc5 bxc5 24. Rad1 Bc6 25. g5 Kg6 26. Bg3 Rh8 27. Kh3
Kf5 28. b4 cxb4 29. cxb4 a6 30. Rd4 Nxg5+ 31. Kh2 Ne4 32. Kg2 Nc3 33. Kh3 Ne2
34. Rg4 Rh6 35. Rg5+ Kf6 36. a4 Bxa4 37. Kg2 Bc6 38. Be5+ Ke7 39. Rg7+ Rf7+ 40.
Kh3 Rxg7 41. Bxg7 Rg6 42. Re1 Ng1+ 0-1

[Event "DVM U14 2016"]
[Site "Düsseldorf GER"]
[Date "2016.12.30"]
[Round "7"]
[White "Triantafillidis, Simeon"]
[Black "Simukov, Erik"]
[Result "1/2-1/2"]
[Termination "normal"]
[Board "7.1"]
[WhiteElo "1656"]
[BlackElo "1769"]
[WhiteTeam "SF HN-Biberach"]
[BlackTeam "SVG CAISSA Kassel"]
[PlyCount "43"]
[WhiteFideId "12953113"]
[BlackFideId "12995380"]
[EventCountry "GER"]
[EventRounds "7"]
[EventType "team-swiss"]
[EventDate "2016.12.26"]

1. e4 e5 2. Nf3 Nc6 3. Bc4 Bc5 4. b4 Bxb4 5. c3 Be7 6. d4 Na5 7. Nxe5 Nxc4 8.
Nxc4 d5 9. exd5 Qxd5 10. Ne3 Qb5 11. c4 Qa6 12. O-O Nf6 13. Nc3 O-O 14. Qf3 c6
15. Rb1 Rd8 16. Rd1 Qa5 17. Ne4 Qxa2 18. Bb2 Qa5 19. d5 Nxe4 20. Qxe4 Bf8 21.
dxc6 bxc6 22. Qxc6 1/2-1/2

[Event "DVM U14 2016"]
[Site "Düsseldorf GER"]
[Date "2016.12.30"]
[Round "7"]
[White "Wöllenstein, Sebastian"]
[Black "Geltz, Noah"]
[Result "1/2-1/2"]
[Termination "normal"]
[Board "7.2"]
[WhiteElo "1752"]
[BlackElo "1830"]
[WhiteTeam "SVG CAISSA Kassel"]
[BlackTeam "SF HN-Biberach"]
[PlyCount "72"]
[WhiteFideId "12974706"]
[BlackFideId "16224256"]
[EventCountry "GER"]
[EventRounds "7"]
[EventType "team-swiss"]
[EventDate "2016.12.26"]

1. e4 c6 2. d4 d5 3. Nd2 dxe4 4. Nxe4 Bf5 5. Ng3 Bg6 6. Nh3 e6 7. Nf4 Bd6 8. c3
Nf6 9. h4 Bxf4 10. Bxf4 h6 11. Bd3 Bxd3 12. Qxd3 Nbd7 13. O-O-O O-O 14. Rde1
Re8 15. Ne4 Nxe4 16. Qxe4 Qa5 17. Kb1 Nf6 18. Qe5 Qxe5 19. Bxe5 Ng4 20. Bg3
Rad8 21. f3 Nf6 22. Rd1 Nd5 23. Rhe1 Kh7 24. Kc1 Kg6 25. Bh2 Nf6 26. g4 Rd5 27.
Rd2 Red8 28. Re5 Rxe5 29. dxe5 Rxd2 30. Kxd2 Nd7 31. Ke3 h5 32. Ke4 Kh6 33.
Bf4+ Kg6 34. b4 b6 35. a4 hxg4 36. fxg4 Kh7 1/2-1/2

[Event "DVM U14 2016"]
[Site "Düsseldorf GER"]
[Date "2016.12.30"]
[Round "7"]
[White "Späth, René"]
[Black "Fromm, Nick"]
[Result "0-1"]
[Termination "normal"]
[Board "7.3"]
[WhiteElo "1384"]
[BlackElo "1527"]
[WhiteTeam "SF HN-Biberach"]
[BlackTeam "SVG CAISSA Kassel"]
[PlyCount "96"]
[WhiteFideId "16224272"]
[BlackFideId "12958026"]
[EventCountry "GER"]
[EventRounds "7"]
[EventType "team-swiss"]
[EventDate "2016.12.26"]

1. e4 e6 2. d4 d5 3. e5 c5 4. c3 Nc6 5. Nf3 Qb6 6. a3 Nh6 7. Bxh6 gxh6 8. b3
cxd4 9. cxd4 Bg7 10. Nc3 O-O 11. Bd3 Ne7 12. O-O Bd7 13. Qd2 Rac8 14. b4 Ng6
15. Rac1 f6 16. Rfe1 Rf7 17. Na4 Qd8 18. Nc5 b6 19. Nxd7 Qxd7 20. g3 Rcf8 21.
Re2 h5 22. Qc2 f5 23. Qc6 Bh6 24. Qxd7 Rxd7 25. Bb5 Rg7 26. Rc6 f4 27. Ne1 fxg3
28. fxg3 Nf4 29. Rec2 h4 30. R2c3 hxg3 31. hxg3 Nh5 32. Rxe6 Bd2 33. Rd3 Bxe1
34. Re3 Bxg3 35. Kh1 Bf4 36. Rf3 Ng3+ 37. Kh2 Ne4+ 38. Kh1 Rf5 39. Re8+ Kf7 40.
e6+ Kf6 41. Rf8+ Kxe6 42. Rxf5 Kxf5 43. Bd3 Rg3 44. Bxe4+ Kxe4 45. Rxg3 Bxg3
46. Kg2 Kxd4 47. Kxg3 Ke3 48. Kg2 Ke2 0-1